| 000 | 01979ngm a2200421 4500 | ||
|---|---|---|---|
| 003 | dpl | ||
| 005 | 20080723110517.0 | ||
| 007 | DVD | ||
| 008 | ||||||sp199 xxu|||||c|||| 00| 0 eng d | ||
| 010 | _aDVD-000437-439 | ||
| 024 |
_a1058 _c499.00 |
||
| 035 | _aDVD-000437-439 | ||
| 040 |
_aDPL _cDPL |
||
| 082 | _aDVD / POSE | ||
| 245 |
_aThe Poseidon Adventure _c20th Century Fox Presents _h[videorecording] DVD/ _bHall Upside Down |
||
| 246 | _a. | ||
| 260 | _b20th Century Fox Homeentertainment | ||
| 300 |
_a1 videodisc DVD; (117 min.) : _bsd., col. ; _c4 3/4 in. _fDVD |
||
| 440 | _a20th Centyry Fox Home Entertainment | ||
| 500 | _aSole Distributor in India M/s. Excel Productions Autio Visuals Pvt. Ltd. | ||
| 500 | _aSuspense Excitement, danger and a cast of topflight thesps | ||
| 500 | _aSpecial Features- Features, Theatrical Trailer, The Cast | ||
| 538 | _aDolby Digital 5.1-English Subntitles: English, Cantonese, Thai, Korean, Mandarin | ||
| 538 | _aAspect Ratio: 2.35:1, Presentation type: Wide Screne, Presentation Size 16x9, Format DVD 9 Dual L Single Sided Disc. | ||
| 650 | _aMotion Picture | ||
| 700 | _aAllen, Irwin | ||
| 700 | _aHackman, Gene | ||
| 700 | _aBorgnne, Earnest | ||
| 700 | _aButtons, Red | ||
| 700 | _aLynley, Carol | ||
| 700 | _aMcDowall, Roddy | ||
| 700 | _aStevens, Stella | ||
| 942 |
_cCF _2ddc _hDVD _mPOSE |
||
| 999 |
_c15563 _d15563 |
||